Electricidad / (Record no. 196199)

MARC details
000 -LEADER
campo de control de longitud fija 01525nam a2200421 i 4500
001 - NÚMERO DE CONTROL
campo de control 196199
003 - IDENTIFICADOR DE NÚMERO DE CONTROL
campo de control ES-MaACL
005 - FECHA Y HORA DE LA ÚLTIMA TRANSACCIÓN
campo de control 20250510063010.0
008 - DATOS DE LONGITUD FIJA--INFORMACIÓN GENERAL
campo de control de longitud fija 240818s2006 sp | ||| ||spa
016 7# - NÚMERO DE CONTROL DE UNA AGENCIA BIBLIOGRÁFICA NACIONAL
Número de control del registro bimoBNE20061079928
Fuente SpMaBN
017 ## - NÚMERO DE COPYRIGHT O DE DEPÓSITO LEGAL
Número de copyright o de depósito legal M 13885-2002
Agencia que asigna Oficina Depósito Legal Madrid
020 ## - NÚMERO INTERNACIONAL ESTÁNDAR DEL LIBRO
Número Internacional Estándar del Libro 842831571X
035 ## - NÚMERO DE CONTROL DEL SISTEMA
Número de control de sistema (OCoLC)433619410
035 ## - NÚMERO DE CONTROL DEL SISTEMA
Número de control de sistema (SpMaBN)bimo0002143913
035 ## - NÚMERO DE CONTROL DEL SISTEMA
Número de control de sistema 991022573789708606
040 ## - FUENTE DE CATALOGACIÓN
Centro catalogador/agencia de origen SpMaBN
Lengua de catalogación spa
Centro/agencia transcriptor SpMaBN
Normas de descripción rdc
080 ## - NÚMERO DE LA CLASIFICACIÓN DECIMAL UNIVERSAL
Número de la Clasificación Decimal Universal 696.6(035)
100 0# - ENTRADA PRINCIPAL--NOMBRE DE PERSONA
Nombre de persona Auguste, Pierre
9 (RLIN) 23895
Término indicativo de función/relación Autor
240 10 - TÍTULO UNIFORME
Título uniforme Devenez un bon electricien
Lenguaje de la obra Español
245 10 - MENCIÓN DEL TÍTULO
Título Electricidad /
Mención de responsabilidad, etc. Pierre Auguste.
250 ## - MENCION DE EDICION
Mención de edición 8ª ed., 3ª reimp.
260 ## - PUBLICACIÓN, DISTRIBUCIÓN, ETC.
Lugar de publicación, distribución, etc. Madrid :
Nombre del editor, distribuidor, etc. Thomson-Paraninfo,
Fecha de publicación, distribución, etc. [2006].
300 ## - DESCRIPCIÓN FÍSICA
Extensión 126 p. :
Otras características físicas il., gráf., planos ;
Dimensiones 22 cm.
336 ## - TIPO DE CONTENIDO
Fuente rdacontent
Término de tipo de contenido texto
337 ## - TIPO DE MEDIO
Fuente rdamedia
Nombre/término del tipo de medio sin mediación
338 ## - TIPO DE SOPORTE
Fuente rdacarrier
Nombre/término del tipo de soporte volumen
490 1# - MENCIÓN DE SERIE
Mención de serie Bricolaje (Editorial Paraninfo)
500 ## - NOTA GENERAL
Nota general Índice
594 ## - NOTA AL TITULO Y MENCION DE RESPONSABILIDAD
Nota al título y mención de responsabilidad Traducción de: Devenez un bon electricien
650 #0 - PUNTO DE ACCESO ADICIONAL DE MATERIA--TÉRMINO DE MATERIA
Término de materia o nombre geográfico como elemento de entrada Instalaciones eléctricas interiores-
Subdivisión de forma Manuales para aficionados
Fuente del encabezamiento o término embne
9 (RLIN) 238489
830 ## - PUNTO DE ACCESO ADICIONAL DE SERIE-TÍTULO UNIFORME
Título uniforme Bricolaje (Editorial Paraninfo)
9 (RLIN) 238487
852 ## - LOCALIZACIÓN
Ubicación ES-MaACL
Sublocalización o colección R.152549
Ubicación en estantería Depósito J
Número de control de estantería N-9274
Donativo/Legado Donación: José Lázaro García
Encuadernación Encuadernación rústica
itemnumber 205301
942 ## - ELEMENTOS DE ENTRADA SECUNDARIOS (KOHA)
Tipo de ítem Koha Libro impreso
Suprimir en OPAC No
Holdings
Estatus retirado Estado de pérdida Fuente del sistema de clasificación o colocación Estado de daño No para préstamo Biblioteca de origen Biblioteca actual Ubicación en estantería Fecha de adquisición Fuente de adquisición Total de préstamos Signatura topográfica completa Código de barras Visto por última vez Precio de reemplazo Tipo de ítem Koha
    Clasificación decimal universal     Biblioteca del Ateneo de Madrid Biblioteca del Ateneo de Madrid Depósito J 08/05/2025 Donación   N-9274 101230000 08/05/2025 08/05/2025 Libro impreso